[Event "Stay Safe Play From Home 266"]
[Site "Emanuel Lasker Arena"]
[Date "2020.06.30"]
[Round "8"]
[White "SoulofWolf"]
[Black "Physikus"]
[Result "1-0"]
[WhiteElo "2214"]
[BlackElo "2105"]
[Annotator "TA"]
[PlyCount "185"]
[EventDate "2020.06.30"]
[EventType "swiss (blitz)"]

{[%evp 10,185,18,15,22,0,0,0,8,-34,18,-17,0,-19,23,-14,51,-39,56,5,24,-14,63,-31,49,0,31,-5,116,95,132,-20,-21,-19,0,0,149,172,180,166,171,169,170,150,151,159,147,136,163,152,150,0,155,17,162,-7,-15,-219,93,29,21,-96,-66,-75,-83,-140,-157,-151,-154,-232,-233,-368,-365,-374,-376,-371,-377,-386,-378,-370,-329,-347,-366,-370,-362,-417,-402,-393,-410,-473,-473,-473,-472,-466,-454,-437,-430,-382,0,0,0,-436,-421,-622,-537,-303,0,-12838,-12838,-12840,-12840,-12842,-12842,-12843,-12843,-12845,-12846,-12846,-12846,-12850,-27999,-12851,-27999,-12851,-27999,-12851,-27999,-12851,-27999,-12851,-27997,-27998,-27997,-27998,-27997,-27999,-27998,-27999,-27998,-27999,-27998,-27999,-27997,-27998,0,0,0,0,27994,27994,27995,27993,27994,27992,27993,27992,27993,27991,27992,27992,27993,27992,27993,27992,27994,27992,27996,27993,27996,27993,27996,27994,27996,27994,27996,27996,27997,27997]} 1. Nf3 Nf6 2. c4 g6 3. e3 Bg7 4. d4 O-O 5. Be2 d6 6. O-O c5 {E60: King's Indian: Unusual lines and Fianchetto Variation without Nc3.} 7. Nbd2 cxd4 8. exd4 Nc6 {[#] The position is equal.} 9. h3 $146 ({Predecessor:} 9. d5 Nb4 10. a3 Na6 11. Ra2 Nc5 12. b4 Nce4 13. Bb2 Bf5 14. Nxe4 Nxe4 15. Bxg7 Kxg7 {1-0 (45) Lowry O'Reilly,H (1716)-Nkhoma,D (1502) Batumi 2018}) 9... b6 (9... d5 $15) 10. b3 (10. d5 $5 {[%cal Rd5c6]} Nb4 11. a3 $11) 10... Bb7 11. Bb2 Re8 12. Re1 Rc8 (12... e6 $11) 13. a4 (13. d5 $14 Nb8 14. Nd4) 13... Na5 (13... e5 $15) 14. Rc1 (14. d5 $14) 14... Ba8 15. Nf1 Nc6 (15... e6 $11) 16. Ng3 (16. d5 $14 Nb4 17. Nd4) 16... a5 (16... e6 $15) 17. Qd2 Nb4 18. Bc3 Nc6 (18... e5 $11) 19. d5 $36 {[%mdl 2048] White is really pushing.} Nb8 20. b4 $2 (20. Nd4 $16) 20... axb4 $11 21. Bxb4 Nbd7 22. a5 bxa5 (22... Nc5 $11) 23. Bxa5 $16 Rc7 24. Rb1 Qc8 25. Bxc7 Qxc7 26. Rec1 Nc5 27. Nd4 Nfd7 28. Nb5 Qc8 29. Bf3 Ne5 30. Be2 ({White should play} 30. Qe3 $16) 30... h5 $2 (30... Ned7 $1 $11) 31. Bf1 (31. Qg5 $16) 31... Kh7 (31... Qxh3 $1 $11 32. Qf4 (32. Nc7 Rc8 $11) 32... Qg4 33. Qxg4 Nxg4) 32. h4 $2 (32. Qc2 $18) 32... Bh6 $1 $11 {[%cal Rh6d2]} 33. f4 $2 (33. Qc2 $11 {and White has nothing to worry.}) 33... Ned7 $2 (33... Qg4 $19 34. Rc3 Qxh4) 34. Qf2 (34. Rc3 $16) 34... Nf6 $1 35. Na7 (35. Be2 $11 {keeps the balance.}) 35... Qg4 {[%mdl 64] Double Attack} 36. Be2 Qxh4 37. Nf1 (37. Ne4 $142 Qxf2+ 38. Nxf2) 37... Qxf2+ $17 38. Kxf2 Bxf4 39. Rd1 (39. Re1 $17) 39... Nfe4+ $19 40. Kg1 (40. Kf3 $142 Bg5 41. Nb5) 40... Nc3 $1 {[%csl LRb1,LRd1,LRe2][%mdl 64] Double Attack} 41. Bf3 Nxb1 42. Rxb1 Kg7 43. Nc6 Bxc6 44. dxc6 Rc8 45. Rb6 Nd3 46. g3 Ne5 47. Kf2 Nxf3 48. Kxf3 {[%mdl 4096] Endgame KRB-KRN} Be5 49. Ne3 Bd4 50. Ra6 Bxe3 51. Kxe3 {KR-KR} e6 52. Kd4 {Black should prevent c5.} Kf6 53. c5 e5+ $2 ({Black should try} 53... d5 $19 54. Rb6 g5) 54. Kd5 $11 dxc5 {aiming for ...e4!} 55. Kxc5 $2 {[%mdl 8192]} (55. Kd6 $1 $11 {and White is okay.}) 55... e4 $19 56. Kb6 (56. Kd6 $142 Rd8+ 57. Kc5) 56... e3 57. Kb7 {[#]} Rxc6 $2 ({Inferior is} 57... e2 58. Ra1 $11) ({Better is} 57... Re8 $1 $19 58. c7+ Kg5 59. Ra5+ Kg4) 58. Rxc6+ $4 {[%mdl 8192] KR-KP} (58. Kxc6 $11 Ke5 59. Kc5) 58... Kf5 59. Rc1 Ke4 60. Rf1 e2 61. Re1 Ke3 62. Kc6 {[#]} Kf2 $1 {[%mdl 512]} 63. Rb1 e1=Q 64. Rxe1 Kxe1 {KP-KP} 65. g4 Kf2 66. g5 h4 67. Kd5 h3 68. Ke5 h2 69. Kf6 h1=Q 70. Kxf7 Qg1 $4 {[%mdl 8192]} (70... Qe4 71. Kg7 Ke3 72. Kh7 Qe7+ 73. Kh6 Kf3 74. Kxg6 Kf4 75. Kh6 Kf5 76. g6 Qc7 77. Kh5 Qh2#) 71. Kxg6 Kf3 $4 {[%mdl 8192]} (71... Kg3 72. Kf5 Qe3 73. g6 Qe7 74. g7 Qxg7 75. Ke6 Qd4 76. Kf5 Kh4 77. Ke6 Kg5 78. Ke7 Kf5 79. Kf8 Kf6 80. Ke8 Ke6 81. Kf8 Qh8#) 72. Kh6 Kf4 73. g6 Qg5+ $4 {[%mdl 8192]} (73... Kf5 74. Kg7 Qa7+ 75. Kh6 Qe7 76. Kh5 Qg5#) 74. Kh7 Kf5 {( -> ...Kf6)} 75. g7 Qg6+ $4 {[%mdl 8192]} (75... Kf6 76. g8=N+ Kf7 77. Nh6+ Kf8 78. Nf5 Qf6 79. Nh6 Qg7#) 76. Kh8 Kf6 $4 {[%mdl 8192]} (76... Qh6+ 77. Kg8 Kf6 78. Kf8 Qxg7+ 79. Ke8 Qe7#) 77. g8=Q $11 {KQ-KQ} Qh6+ $2 {[%mdl 8192]} (77... Qh5+ $11 78. Qh7 Qg5) 78. Qh7 Qg7+ $2 {[%mdl 8192]} (78... Qf8+ $11 79. Qg8 Qxg8+ 80. Kxg8) 79. Qxg7+ {White mates.} Ke6 80. Qg8+ Kd6 81. Qg7 Kc6 82. Kh7 Kb6 83. Qg6+ Kb5 84. Kh6 Kc4 85. Qf6 Kd3 86. Kg6 Kc2 87. Qe6 Kc1 88. Kf6 Kb1 89. Qd6 Ka2 90. Qc6 Ka1 91. Ke6 Ka2 92. Qb6 Ka1 93. Kd5 {Never resign too early! Accuracy: White = 40%, Black = 58%.} 1-0

[Event "Stay Safe Play From Home 266"]
[Site "Emanuel Lasker Arena"]
[Date "2020.06.30"]
[Round "8"]
[White "Haxhi Baha"]
[Black "EL sanbary"]
[Result "0-1"]
[WhiteElo "2096"]
[BlackElo "1906"]
[Annotator "TA"]
[PlyCount "94"]
[EventDate "2020.06.30"]
[EventType "swiss (blitz)"]

{[%evp 16,94,2,14,11,0,0,0,0,-18,0,25,0,-170,-154,-406,-137,-189,-176,-194,-104,-100,-112,-103,-103,-148,0,-97,16,-7,-23,-205,-190,-198,-186,-270,-273,-299,-306,-275,-290,-312,-229,-324,-213,-219,-211,-375,-385,-427,-427,-412,-408,-479,-485,-452,-13,-3,-6,-6,-6,-6,0,0,0,-22,-8,-760,-699,-29990,-4731,-1727,0,0,0,0,0,0,0,0,29975]} 1. e4 c5 2. Nf3 g6 3. d4 cxd4 4. Nxd4 Bg7 5. Nc3 Nc6 6. Be3 Nf6 7. Nb3 O-O 8. Be2 d6 9. Qd2 Bd7 {B72: Sicilian Dragon: 6 Be3, lines with h3+Bc4 and sidelines.} 10. h4 h5 11. f3 Rc8 12. Bh6 Ne5 13. Bxg7 Kxg7 {[#]} 14. g4 $146 (14. O-O-O $11 {and White has nothing to worry.}) ({Predecessor:} 14. O-O-O Nc4 15. Bxc4 Rxc4 16. Kb1 b5 17. Qe2 Qc8 18. Rd2 b4 19. Nd1 a6 20. Ne3 {1-0 (42) Banszegi,A (2003)-Szecsi,P (1873) Hungary 2013}) 14... hxg4 $19 15. h5 $2 (15. Nd4 $17 {might work better.}) 15... Rh8 $2 (15... gxf3 $19 {and Black stays clearly on top.} 16. Bd3 Rh8 17. h6+ Kh7) 16. h6+ (16. f4 $17 Nc4 17. Bxc4 Rxc4 18. Qd3) 16... Kh7 17. f4 Nf3+ (17... Nc4 $19 18. Bxc4 Rxc4) 18. Bxf3 $17 gxf3 19. O-O-O Bg4 $36 {[%mdl 2048] Black is in control.} 20. Rdf1 Bh5 ({Better is} 20... b5 $17 {...Qc7 is the strong threat.} 21. f5 b4) 21. f5 (21. Nd4 $11) 21... Qc7 ({Black should try} 21... Rg8 $1 $17) 22. fxg6+ fxg6 23. Nd5 $2 (23. Nd4 $11) 23... Nxd5 $19 24. exd5 {With the idea Rxh5!} Rhf8 25. c3 (25. Rh4 $142) 25... Qc4 $1 26. Qg5 Qf4+ 27. Qxf4 Rxf4 28. Kd2 Rcf8 29. Ke3 (29. Nd4 $142 Rg4 30. Rf2) 29... R8f7 30. Nd4 Kxh6 31. Ne6 $2 (31. Rh2) 31... R4f5 32. Rf2 Rxd5 33. Nd4 Re5+ 34. Kd3 Kg7 35. Rh3 Re2 $2 (35... Rf4 $19 36. Rf1 Kf6) 36. Nxe2 $11 fxe2 37. Rxf7+ Kxf7 {[%mdl 4096] Endgame KR-KB} 38. Kd2 e5 39. c4 Ke6 40. b4 d5 41. Ra3 $2 {[%mdl 8192]} (41. cxd5+ $11 Kxd5 42. Rd3+ Kc4 43. Rc3+ Kd4 44. Rc7) 41... dxc4 $19 42. Rxa7 {[#]} Kd5 (42... c3+ $142 $1 43. Ke1 (43. Kxc3 e1=Q+) 43... c2 44. Kd2 c1=Q+ $1 {[%mdl 576] Deflection, Decoy, Promotion} 45. Kxc1 e1=Q+ {[%mdl 64] Double Attack} 46. Kb2 Qd2+ 47. Kb1 Bd1 48. Ra6+ bxa6 49. a4 Bb3 50. b5 Qc2+ 51. Ka1 Qc1#) 43. Rxb7 Kd4 $2 ({Black should play} 43... Kc6 $19 44. Rb8 {[#]} c3+ $1 {[%mdl 512]} 45. Ke1 Bg4) 44. Rd7+ $11 {The position is equal.} Ke4 {White must now prevent ...c3+!} 45. b5 {Hoping for b6.} c3+ 46. Ke1 {And now b6 would win.} Bg4 (46... c2 $5 47. Rc7 $8 Kd3 48. Rd7+ Ke4 $11) 47. Rc7 {Threatens to win with b6.} Bf3 $2 {[%mdl 40960] Accuracy: White = 44%, Black = 57%. . Loss on time!?} (47... Kd3 $11 48. b6 Bf3) 0-1

[Event "Stay Safe Play From Home 266"]
[Site "Emanuel Lasker Arena"]
[Date "2020.06.30"]
[Round "8"]
[White "Buzaglo"]
[Black "The Next Contender"]
[Result "0-1"]
[WhiteElo "1840"]
[BlackElo "1937"]
[Annotator "TA"]
[PlyCount "94"]
[EventDate "2020.06.30"]
[EventType "swiss (blitz)"]

{[%evp 9,93,-32,-35,-37,-15,-75,-73,-87,-88,-77,-22,-53,-41,-63,-63,-76,-45,-46,-60,-62,-55,-53,-29,-147,-138,-165,-148,-171,-129,-174,-166,-173,-144,-144,-131,-131,-131,-243,-243,-248,-245,-250,-245,-360,-357,-339,-239,-270,-270,-269,-269,-285,-281,-271,-239,-476,-272,-451,-272,-383,-385,-693,-672,-29969,-739,-732,-716,-993,-988,-1287,-1163,-29954,-10085,-29987,-29988,-29988,-29988,-29995,-29996,-29997,-29996,-29997,-29998,-29998,-29999,-29999]} 1. d4 d5 2. Nf3 c5 3. g3 e6 4. Bg2 Nf6 5. Ne5 cxd4 6. Qxd4 {[#] D02: 1 d4 d5 2 Nf3 sidelines, including 2...Nf6 3 g3 and 2...Nf6 3 Bf4.} Bd6 $146 ({Predecessor:} 6... Nc6 7. Nxc6 bxc6 8. O-O Be7 9. c4 O-O 10. Nc3 a5 11. Rd1 Ba6 12. cxd5 cxd5 {0-1 (38) Vasilev,P (2012)-Radulov,I (2346) Sofia 2006}) 7. Nf3 (7. Ng4 $11) 7... O-O 8. O-O {Black is better.} Nc6 9. Qd1 b6 ({Better is} 9... e5 $17) 10. c3 Bb7 $36 {[%mdl 2048] Black is more active.} 11. Nbd2 Rc8 12. Re1 Rc7 13. e4 dxe4 14. Nxe4 Nxe4 15. Rxe4 Rd7 {Strongly threatening ...Bxg3!} 16. Re1 {[#] Black keeps a firm grip on the game.} (16. Qa4 $11) 16... Bxg3 $1 $17 {[%mdl 512]} 17. Qe2 (17. fxg3 Rxd1) 17... Bd6 18. Be3 Be7 19. Rac1 Bf6 20. Rcd1 Rxd1 21. Rxd1 Qe7 22. Bf4 {White wants to play Bd6.} Rd8 23. Nd4 (23. Rxd8+ $17 {keeps fighting.} Qxd8 24. Nd2) 23... Nxd4 $19 24. cxd4 Bxg2 ({And not} 24... Bxd4 25. Bxb7 Qxb7 26. Be5 $11) 25. Kxg2 Rxd4 26. Be3 (26. Rxd4 $142 Bxd4 27. Qe4) 26... Rxd1 27. Qxd1 Qd8 28. Qc2 Qd5+ 29. Kg1 h6 30. Qc8+ Kh7 31. Qc2+ g6 32. Qe2 $2 {[#]} (32. Qa4) 32... Bg7 (32... Qxa2 $142 33. Kg2 Bxb2) 33. Qc2 $2 (33. Qa6 {was necessary.}) 33... Qe5 34. Qd2 (34. Qa4 $142) 34... Qxb2 35. Qe1 $2 (35. h3) 35... Qxa2 36. Qe2 Qd5 (36... Qxe2 $142 37. Kg2 Be5 38. h3 f5 39. Kg1 f4 40. Bxf4 Bxf4 41. Kg2 Be3 42. h4 Qxf2+ {[%mdl 64] Double Attack} 43. Kh3 Bf4 44. Kg4 Qg3#) 37. Qg4 Qf5 38. Qg2 a5 39. h4 a4 40. h5 a3 41. Qc6 a2 {Black mates.} 42. Qa4 a1=Q+ 43. Kg2 Qxa4 44. hxg6+ fxg6 45. Kf1 Qag4 46. Ke1 Qb1+ 47. Kd2 Qbd1# {Accuracy: White = 35%, Black = 68%.} 0-1

[Event "Stay Safe Play From Home 266"]
[Site "Emanuel Lasker Arena"]
[Date "2020.06.30"]
[Round "8"]
[White "Klasman"]
[Black "Lazieri3"]
[Result "0-1"]
[WhiteElo "1316"]
[BlackElo "2075"]
[Annotator "RC"]
[PlyCount "38"]
[EventDate "2020.06.30"]
[EventType "swiss (blitz)"]

1. f4 {[%emt 0:00:01]} c6 {[%emt 0:00:00]} 2. e4 {[%emt 0:00:01]} d5 {[%emt 0:00:00]} 3. e5 {[%emt 0:00:01]} Bf5 {[%emt 0:00:02]} 4. d4 {[%emt 0:00:03]} e6 {[%emt 0:00:01]} 5. c3 {[%emt 0:00:01]} c5 {[%emt 0:00:01]} 6. Qb3 {[%emt 0:00:04]} Qb6 {[%emt 0:00:01]} 7. Nf3 {[%emt 0:00:02]} Qxb3 {[%emt 0:00:01]} 8. axb3 {[%emt 0:00:01]} Nc6 {[%emt 0:00:00]} 9. c4 {[%emt 0:00:02]} dxc4 {[%emt 0:00:03]} 10. bxc4 {[%emt 0:00:03]} cxd4 {[%emt 0:00:01]} 11. Nbd2 {[%emt 0:00:05]} Nb4 {[%emt 0:00:02]} 12. Kd1 {[%emt 0:00:07]} O-O-O {[%emt 0:00:05]} 13. Nb3 {[%emt 0:00:05]} Bc2+ {[%emt 0:00:03]} 14. Kd2 {[%emt 0:00:04]} Bxb3 {[%emt 0:00:00]} 15. Rxa7 {[%emt 0:00:05]} Nc6 {[%emt 0:00:03]} 16. Ra3 {[%emt 0:00:03]} Bxa3 {[%emt 0:00:02]} 17. bxa3 {[%emt 0:00:02]} Nge7 {[%emt 0:00:00]} 18. Bb2 {[%emt 0:00:03]} Nf5 {[%emt 0:00:03]} 19. Bd3 {[%emt 0:00:02]} Ne3 {[%emt 0:00:01] Time (Lag: Av=0.69s, max=0.9s)} 0-1

[Event "Stay Safe Play From Home 266"]
[Site "Emanuel Lasker Arena"]
[Date "2020.06.30"]
[Round "9"]
[White "SoulofWolf"]
[Black "Haxhi Baha"]
[Result "1-0"]
[WhiteElo "2226"]
[BlackElo "2070"]
[Annotator "TA"]
[PlyCount "125"]
[EventDate "2020.06.30"]
[EventType "swiss (blitz)"]

{[%evp 9,125,12,30,13,14,0,17,19,24,4,58,0,-6,-27,0,0,9,9,77,10,33,-20,-7,-14,27,18,56,0,31,20,29,-6,-6,-35,0,-31,-57,-66,100,81,89,68,129,26,127,125,184,193,184,175,323,209,350,353,493,352,342,259,253,-229,287,293,465,317,477,461,488,404,535,529,1428,1387,1166,487,522,347,675,650,2258,1162,961,507,458,423,399,261,566,195,717,713,12837,12838,12842,12843,12843,12843,12846,12847,29981,12844,12845,12844,12845,12845,12847,12847,12848,12848,12849,12848,12850,12849,12850,0,12851,0,0,0]} 1. Nf3 d5 2. c4 c6 3. e3 e6 4. b3 Nf6 5. Bb2 Be7 6. a3 {[#] A06: Réti Opening: 1 Nf3 d5.} O-O $146 ({Predecessor:} 6... Nbd7 7. b4 b6 8. cxd5 cxd5 9. Be2 O-O 10. O-O Bb7 11. d3 Rc8 12. Nbd2 Bd6 {½-½ (38) Van Houten,H (1595)-Voigt,U (1647) Bad Bevensen 2011}) 7. Qc2 a5 8. d4 Nbd7 9. Nbd2 a4 (9... b6 $11) 10. Bd3 (10. b4 $14) 10... axb3 $11 11. Qxb3 h6 12. O-O dxc4 13. Nxc4 b5 (13... b6 $11) 14. Ncd2 (14. Nce5 $16) 14... Nb6 15. Rac1 (15. Ne5 $14) 15... Na4 16. Ba1 Bd7 17. Ne5 Qb6 18. Be2 ({White should play} 18. Ne4 $14 Be8 19. Bb1) 18... Rac8 19. Bf3 Rfd8 20. Rb1 {[#] Threatens to win with Qxa4!} Qa5 21. Ne4 Nd5 22. Nxd7 Rxd7 23. Rfc1 c5 $2 (23... Ra7 $15 {stays ahead.}) 24. Qxb5 Qxb5 25. Rxb5 c4 ({Black should try} 25... Rdc7 $1 $14) 26. Nc5 (26. Ra5 $16 Bxa3 27. Rf1) 26... Bxc5 (26... Nxc5 $11 {keeps the balance.} 27. dxc5 (27. Rxc4 Nc7 $14) 27... Bxc5) 27. dxc5 $16 Rxc5 (27... c3 $16) 28. Rxc5 Nxc5 29. Rxc4 Nd3 (29... Rb7 $142 30. Rc1 f6) 30. Rd4 Nc1 (30... Nc5 $142 31. e4 Nf6 32. Rxd7 Nfxd7) 31. e4 $18 Nb6 32. Rxd7 Nxd7 {[%mdl 4096] Endgame KBB-KNN} 33. Kf1 Nb3 34. Ke2 $4 {[%mdl 8192]} (34. Bc3 $18) 34... Ndc5 $4 {[%mdl 8192]} (34... Nxa1 $19 {and all is fine.} 35. Kd3 Nb3) 35. Bc3 Nd7 (35... f6 $142 36. Ke3 Kf7) 36. Bb4 Nbc5 (36... Nd4+ $142 37. Kd3 Nc6) 37. Ke3 e5 38. Kd2 f6 39. Kc3 Kf8 40. Kc4 Ke8 41. Kb5 (41. Bxc5 $142 Kd8 42. Bd6 Nb6+ 43. Kb5) 41... Nd3 42. a4 Nxf2 $2 (42... Nxb4 43. Kxb4 Kd8) 43. a5 {Strongly threatening a6.} Nb8 44. Kb6 Kd7 45. g3 Kc8 46. Bd6 Nd7+ 47. Ka7 Nd3 $2 (47... g6 {is more resistant.} 48. a6 h5) 48. a6 $2 (48. Bg4) 48... N3c5 $2 (48... Nf2 49. Bb4 Kc7) 49. Bg4 {And now Bxc5 would win.} Nxa6 50. Kxa6 Kd8 51. Bxd7 Kxd7 {KB-KP} 52. Bf8 Ke8 53. Bxg7 {[%mdl 64] [#] Double Attack. KB-K3P} h5 54. Bh6 (54. Bxf6 $142 Kd7 55. Bxe5 Kc6 56. Bb8 Kc5 57. Kb7 Kc4 58. Kc6 Kd3 59. e5) 54... Kf7 55. Be3 Kg6 56. Kb5 f5 57. exf5+ Kxf5 {KB-KPP} 58. Kc4 Kg4 59. Kd3 Kh3 60. Bg1 Kg2 61. Be3 $2 ({Better is} 61. Ke4 $18 Kh3 62. Kxe5) 61... Kxh2 62. Ke4 $2 (62. Bf2 $18 Kg2 63. Ke2) 62... Kxg3 $11 63. Kxe5 {[%mdl 32768] Accuracy: White = 40%, Black = 28%. . Sensor Board Error (Ke4/e5)?} 1-0

[Event "Stay Safe Play From Home 266"]
[Site "Emanuel Lasker Arena"]
[Date "2020.06.30"]
[Round "9"]
[White "Physikus"]
[Black "Patzeroglu"]
[Result "1-0"]
[WhiteElo "2093"]
[BlackElo "1888"]
[Annotator "TA"]
[PlyCount "69"]
[EventDate "2020.06.30"]
[EventType "swiss (blitz)"]

{[%evp 9,69,-66,-33,-131,-131,-127,-121,-121,-125,-127,-44,-39,0,0,0,0,0,0,34,-195,-196,-195,-182,-183,-189,-210,-175,-200,-198,-350,-347,-341,-345,-345,-334,-402,-190,-185,-191,-194,-186,-185,-179,-252,-241,-241,-236,-485,-480,-575,-575,-29965,-6601,-29985,-29986,-29986,-6149,-29983,-29983,-29988,-29987,-29959]} 1. e4 c5 2. Nf3 Nf6 3. d4 Nxe4 {[#]} 4. Be3 $146 ({Predecessor:} 4. Bd3 d5 5. Nbd2 Nxd2 6. Bxd2 e6 7. dxc5 Bxc5 8. O-O Nc6 9. c4 Be7 10. Qc2 h6 {½-½ (34) Vesely,P (2577)-Voll,A (2504) ICCF email 2005}) 4... d5 5. dxc5 Nc6 6. Bb5 {B29: Sicilian: 2 Nf3 Nf6 (Nimzowitsch Variation).} (6. Nbd2 $15) 6... Qa5+ $17 {[%mdl 64] [#] Double Attack} 7. Nc3 Nxc3 8. Bxc6+ {Black is better.} bxc6 9. Qd2 {[%mdl 64] Pin} Bg4 (9... f6 $17 10. Qxc3 Qxc3+ 11. bxc3 Ba6) 10. Ne5 $15 Bd7 11. Nxd7 Kxd7 12. O-O e5 13. bxc3 f6 14. c4 $2 {White does not recover from this.} (14. Qd1 $14 {keeps the upper hand.}) 14... Qxd2 $19 15. Bxd2 Bxc5 16. cxd5 cxd5 17. Rfd1 Kc6 18. Rac1 Rab8 19. Kf1 $2 (19. Rb1) 19... Rb2 20. a4 Rhb8 21. a5 a6 22. f4 R8b5 (22... e4 $142 {aiming for ...d4.} 23. Re1 Ra2) 23. fxe5 fxe5 24. c4 dxc4 25. Rxc4 {If White can now play Be3 this consolidates a bit.} Rb1 26. Rxb1 (26. Ke2 $142) 26... Rxb1+ {[%mdl 4096] Endgame KRB-KRB} 27. Ke2 Rb2 28. Kd3 $2 (28. Rh4 {keeps fighting.}) 28... Kd5 {[#] Threatens to win with ...Rxd2+!} 29. Bc3 Rb3 {And now ...e4+! would win.} 30. Re4 Bd4 31. Rg4 Rxc3+ 32. Ke2 Rc7 (32... e4 $142 33. Rg5+ Kc4 34. Rg4 Rc2+ 35. Kd1 Kd3 36. Rxe4 Rd2+ 37. Kc1 Bb2+ 38. Kb1 Kxe4 39. Ka2 Kd4 40. Kb3 Bc1 41. h3 Rb2+ 42. Ka3 Kc3 43. g4 Rh2+ {[%mdl 64] Discovered Attack} 44. Ka4 Ra2#) 33. Kd2 Rf7 34. Rh4 Rf2+ 35. Kd1 {[%mdl 32768] Accuracy: White = 44%, Black = 70%. . Sensor Board Error (Ke4/e5)?} 1-0

[Event "Stay Safe Play From Home 266"]
[Site "Emanuel Lasker Arena"]
[Date "2020.06.30"]
[Round "9"]
[White "Lazieri3"]
[Black "The Next Contender"]
[Result "1-0"]
[WhiteElo "2076"]
[BlackElo "1950"]
[Annotator "TA"]
[PlyCount "79"]
[EventDate "2020.06.30"]
[EventType "swiss (blitz)"]

{[%evp 9,79,13,20,19,17,0,12,14,85,42,61,19,23,2,10,0,40,17,389,381,404,393,399,389,396,391,833,812,1109,395,401,394,381,388,370,293,307,273,314,258,1072,1065,1065,1058,1007,922,906,865,1235,1166,1131,1108,1803,1803,1569,1232,5273,3002,29974,29974,29979,29980,29981,29982,29993,29994,29995,29996,29997,29996,29997,29996]} 1. e4 d5 2. Nc3 dxe4 3. Nxe4 Bf5 4. Ng3 Bg6 5. Nf3 Nf6 6. d4 {A00: Irregular Openings.} e6 7. Bd3 (7. Bc4 {keeps more tension.} Bd6 8. O-O Nbd7 9. Qe2 O-O 10. Rd1) 7... Bxd3 8. Qxd3 {The position is equal.} g6 {[#]} (8... c5 $11) 9. Be3 $146 ({Predecessor:} 9. Qb5+ Nbd7 10. Qxb7 Bg7 11. Qb4 Rb8 12. Qa3 Rb7 13. Rb1 Bf8 14. Qd3 Bg7 15. Bg5 {1-0 (39) Herfurth,T (1901)-Lick,H (1361) Leipzig 2015}) 9... Bg7 10. Qd2 O-O 11. Bh6 c5 12. h4 $36 {[%mdl 2048] White is more active.} cxd4 (12... Bxh6 {is interesting.} 13. Qxh6 Qa5+ 14. c3 cxd4 15. Nxd4 Nbd7) 13. h5 Nxh5 $2 {[%mdl 8192] Loses the game.} (13... Nc6 $11) 14. Nxh5 gxh5 15. Bxg7 Kxg7 16. Rxh5 {[#] White wants to mate with Qh6+.} Qf6 17. O-O-O Rc8 $2 (17... Nc6 18. Ng5 (18. Nxd4 Rad8 $11) 18... h6) 18. Rdh1 $18 Rh8 19. Rg5+ $2 (19. Rh6 Qe7 20. Qxd4+ Kg8 21. R1h4) 19... Kf8 20. Qb4+ Qe7 21. Qxd4 {[%cal Rd4h8] [#]} f6 22. Rgh5 {Threatens to win with Qd3.} Nc6 23. Qe3 Rc8 24. Kb1 Kf7 $2 (24... Rd8 25. a3 Rd6) 25. Rxh7+ Rxh7 26. Rxh7+ Ke8 27. Rxe7+ Kxe7 28. Nd4 e5 29. Nxc6+ Rxc6 {[%mdl 4096] Endgame KQ-KR} 30. f4 Ke6 31. fxe5 fxe5 32. a3 Kd6 33. g4 b6 34. g5 {White mates.} Rc5 35. g6 Rc7 36. Qh6 Re7 37. g7+ Kc7 38. g8=Q e4 39. Qf4+ Kd7 40. Qgb8 {Accuracy: White = 67%, Black = 47%.} 1-0